I want to destroy myself: (Record no. 145597)
[ view plain ]
| 000 -LEADER | |
|---|---|
| fixed length control field | 00881nam a22002297a 4500 |
| 005 - DATE AND TIME OF LATEST TRANSACTION | |
| control field | 20180507171852.0 |
| 010 ## - LCCN (DPL NO) | |
| LC control number | 1718EN-30 ENG-122886 B-681965-971 |
| 020 ## - INTERNATIONAL STANDARD BOOK NUMBER | |
| International Standard Book Number | 9789386050960 |
| Terms of availability | 399.00 |
| 035 ## - SYSTEM CONTROL NUMBER | |
| System control number | EN-106418 |
| 035 ## - SYSTEM CONTROL NUMBER | |
| System control number | B-681965-971 |
| 037 ## - SOURCE OF ACQUISITION | |
| Source of stock number/acquisition | Pragati |
| Stock number | dpl |
| 037 ## - SOURCE OF ACQUISITION | |
| Source of stock number/acquisition | DBAD/PUB. |
| 082 ## - DEWEY DECIMAL CLASSIFICATION NUMBER | |
| Classification number | 306.095441 |
| 100 ## - MAIN ENTRY--PERSONAL NAME | |
| Personal name | Sheikh, Malika Amar |
| 245 14 - TITLE STATEMENT | |
| Title | I want to destroy myself: |
| Statement of responsibility, etc | by Malika Amar Sheikh translated by Jerry Pinto from Marathi |
| Remainder of title | a memoir / |
| 260 ## - PUBLICATION, DISTRIBUTION, ETC. (IMPRINT) | |
| Place of publication, distribution, etc | New Delhi |
| Name of publisher, distributor, etc | Speaking Tiger Publishing |
| Date of publication, distribution, etc | 2016 |
| 270 ## - ADDRESS | |
| Address | 4381/4,Ansari Road,Daryaganj |
| City | New Delhi |
| Postal code | 110002 |
| 300 ## - PHYSICAL DESCRIPTION | |
| Extent | 200p. |
| Dimensions | 21cm.(Hb) |
| 700 ## - ADDED ENTRY--PERSONAL NAME | |
| Personal name | Pinto, Jerry |
| 942 ## - ADDED ENTRY ELEMENTS (KOHA) | |
| Source of classification or shelving scheme | Dewey Decimal Classification |
| Item type | English Books |
| Call number suffix | SHA |
| Classification part | 306.095441 |
| Withdrawn status | Lost status | Not for loan | Collection code | Home library | Current library | Date acquired | Source of acquisition | Cost, normal purchase price | Full call number | Barcode | Copy number | Cost, replacement price | Koha item type |
|---|---|---|---|---|---|---|---|---|---|---|---|---|---|
| Non-fiction | Ashok Vihar | Ashok Vihar | 07/05/2018 | Pragati/142/27.11.2017/672/20.11.2017/28.11.2017 | 399.00 | 306.095441 SHA | B-681966 | 1 | 399.00 | English Books | |||
| Non-fiction | Bawana | Bawana | 07/05/2018 | Pragati/142/27.11.2017/672/20.11.2017/28.11.2017 | 399.00 | 306.095441 SHA | B-681971 | 1 | 399.00 | English Books | |||
| Not For Loan | Non-fiction | D.B.Act.Division | Central Library | 04/05/2018 | DBAD/PUB | 399.00 | 306.095441 SHA | EN-106418 | 1 | 399.00 | English Books | ||
| Non-fiction | Central Library | Central Library | 07/05/2018 | Pragati/142/27.11.2017/672/20.11.2017/28.11.2017 | 399.00 | 306.095441 SHA | B-681965 | 1 | 399.00 | English Books | |||
| Non-fiction | Janak Puri | Janak Puri | 07/05/2018 | Pragati/142/27.11.2017/672/20.11.2017/28.11.2017 | 399.00 | 306.095441 SHA | B-681968 | 1 | 399.00 | English Books | |||
| Non-fiction | Narela | Narela | 07/05/2018 | Pragati/142/27.11.2017/672/20.11.2017/28.11.2017 | 399.00 | 306.095441 SHA | B-681970 | 1 | 399.00 | English Books | |||
| Non-fiction | Patel Nagar | Patel Nagar | 07/05/2018 | Pragati/142/27.11.2017/672/20.11.2017/28.11.2017 | 399.00 | 306.095441 SHA | B-681967 | 1 | 399.00 | English Books | |||
| Non-fiction | Sarojini Nagar | Sarojini Nagar | 07/05/2018 | Pragati/142/27.11.2017/672/20.11.2017/28.11.2017 | 399.00 | 306.095441 SHA | B-681969 | 1 | 399.00 | English Books |
